| 000 | 00514nam a2200145 4500 | ||
|---|---|---|---|
| 001 | 137956 | ||
| 003 | ES-MaACL | ||
| 005 | 20230906195456.0 | ||
| 007 | t| | ||
| 008 | 070214s1908 sp r ||||1| spa d | ||
| 100 | 1 |
_aSánchez Fernández, Luis. _9102639 |
|
| 245 | 1 | 0 |
_aAvance a la Antropología militar de España _b: datos de 119.571 soldados incorporados a filas en los años 1903, 1904, 1905 y 1906 / _cpor Luis Sánchez Fernández. |
| 260 |
_aGuadalajara : _b[s. n.], _c1908. |
||
| 852 |
_aES-MaACL _jT-1161-F-5 |
||
| 999 |
_c137956 _d137956 |
||